[Event "NK B Jeugd"]
[Site "Chess.com"]
[Date "2020.05.01"]
[Round "3"]
[White "Van Foreest, Machteld"]
[Black "Van Wijngaarden, Frank"]
[Result "0-1"]
[WhiteElo "2016"]
[BlackElo "1974"]
[PlyCount "132"]
[EventDate "2020.05.??"]

1. e4 c5 2. Nf3 g6 3. d4 cxd4 4. Nxd4 Bg7 5. c4 Nc6 6. Be3 Nf6 7. Nc3 d6 8. Be2
O-O 9. O-O Nxd4 10. Bxd4 a5 11. Qd2 Bd7 12. Rfd1 Bc6 13. f3 a4 14. Rac1 a3 15.
b4 b6 16. Nd5 Nxd5 17. Bxg7 Kxg7 18. cxd5 Bd7 19. Rc3 Qb8 20. Rdc1 b5 21. Rc7
Qb6+ 22. Kf1 Ra7 23. Rxa7 Qxa7 24. Qd3 Rb8 25. Rc3 Ra8 26. Qc2 Qd4 27. Rc7 Ra7
28. Qc3 Qxc3 29. Rxc3 e6 30. Kf2 exd5 31. exd5 Kf6 32. Ke3 Ke5 33. Rd3 g5 34.
g3 f5 35. f4+ Kf6 36. Rc3 h6 37. Kd4 Ra4 38. Rb3 g4 39. Rb1 h5 40. Kc3 Ra7 41.
Kb3 Be8 42. Bd3 Rc7 43. Re1 Bf7 44. Bxb5 Bxd5+ 45. Kxa3 Ra7+ 46. Kb2 Rxa2+ 47.
Kc3 Rxh2 48. Rd1 Ke6 49. Rd3 Be4 50. Re3 Rc2+ 51. Kb3 Rc7 52. Bd3 d5 53. b5 d4
54. Rxe4+ fxe4 55. Bxe4 Kd6 56. b6 Rc3+ 57. Kb4 Re3 58. Bg6 Rxg3 59. Bxh5 d3
60. Kc3 Rg1 61. Kxd3 g3 62. Ke2 g2 63. Kf3 Rh1 64. Kxg2 Rxh5 65. Kf3 Rb5 66.
Kg4 Ke7 0-1

[Event "NK B Jeugd"]
[Site "Chess.com"]
[Date "2020.05.01"]
[Round "3"]
[White "Van der Hagen, Loek"]
[Black "Elgersma, Onno"]
[Result "1-0"]
[WhiteElo "2212"]
[BlackElo "2291"]
[PlyCount "47"]
[EventDate "2020.05.??"]

1. e4 c5 2. Nf3 e6 3. d4 cxd4 4. Nxd4 Nf6 5. Nc3 Nc6 6. Be3 Bb4 7. Bd3 Qc7 8.
O-O h5 9. Ndb5 Qb8 10. h3 a6 11. Nd4 Qc7 12. Qe2 Ne5 13. f4 Nxd3 14. cxd3 h4
15. a3 Bxc3 16. Rac1 Qa5 17. Rxc3 O-O 18. Bf2 e5 19. Nf5 exf4 20. Ne7+ Kh7 21.
Rc5 Qb6 22. Rh5+ Nxh5 23. Bxb6 Ng3 24. Qg4 1-0

[Event "NK B Jeugd"]
[Site "Chess.com"]
[Date "2020.05.01"]
[Round "3"]
[White "Verheul, Job"]
[Black "Bakija, Alan"]
[Result "1-0"]
[WhiteElo "1954"]
[BlackElo "1797"]
[PlyCount "63"]
[EventDate "2020.05.??"]

1. e4 c6 2. d4 d5 3. e5 Bf5 4. h4 a6 5. Bd3 Bxd3 6. Qxd3 e6 7. c3 c5 8. Nf3 Nc6
9. Be3 Qc7 10. Nbd2 Nge7 11. h5 Nf5 12. Nh4 Nxe3 13. fxe3 h6 14. Nhf3 Be7 15.
g4 O-O-O 16. O-O-O b5 17. Kb1 c4 18. Qc2 Qa5 19. e4 b4 20. exd5 exd5 21. Qf5+
Kc7 22. Rc1 Rb8 23. Ka1 bxc3 24. bxc3 Rb6 25. Qxf7 Rhb8 26. Rc2 Qa4 27. Rhc1
Kd8 28. Qg8+ Kd7 29. Qxg7 Kc7 30. e6 Kb7 31. Ne5 Ka8 32. Nxc6 1-0

[Event "NK B Jeugd"]
[Site "Chess.com"]
[Date "2020.05.01"]
[Round "3"]
[White "Wieggers, Wouter"]
[Black "Boghossian, Wahe"]
[Result "0-1"]
[WhiteElo "1577"]
[BlackElo "1777"]
[PlyCount "52"]
[EventDate "2020.05.??"]

1. e4 c5 2. Nf3 d6 3. d4 cxd4 4. Nxd4 Nf6 5. Nc3 a6 6. Bg5 e5 7. Nf3 Be6 8. Bd3
Be7 9. Qd2 Nbd7 10. h4 Rc8 11. Nh2 b5 12. f3 h6 13. Be3 Nb6 14. g4 Nfd7 15. g5
hxg5 16. hxg5 b4 17. Ne2 d5 18. exd5 Nxd5 19. O-O-O Nxe3 20. Qxe3 Bxg5 21. f4
exf4 22. Nxf4 Rh4 23. Rdf1 Qc7 24. Ng4 Rxh1 25. Rxh1 Bxf4 26. Rh8+ Nf8 0-1

[Event "NK B Jeugd"]
[Site "Chess.com"]
[Date "2020.05.01"]
[Round "4"]
[White "Andringa, Ivo"]
[Black "Cchung, Nyuk Lyn"]
[Result "0-1"]
[WhiteElo "1710"]
[BlackElo "2027"]
[PlyCount "152"]
[EventDate "2020.05.??"]

1. e4 c5 2. Nf3 d6 3. c3 Nf6 4. d3 Nc6 5. g3 e6 6. Bg2 Be7 7. O-O O-O 8. Bg5 h6
9. Be3 Qc7 10. Nbd2 Rb8 11. a3 b5 12. b4 a5 13. Qc1 Ng4 14. Nb3 Nxe3 15. fxe3
Bf6 16. d4 axb4 17. axb4 cxb4 18. cxb4 Qb6 19. Qd2 Bb7 20. Na5 Nxa5 21. bxa5
Qa6 22. Ne1 Rfc8 23. Nd3 Rc4 24. Rfc1 Rbc8 25. Rxc4 Rxc4 26. Nb4 Qa8 27. a6
Bxe4 28. Bxe4 Qxe4 29. a7 Qa8 30. Nc2 e5 31. dxe5 Bxe5 32. Nd4 b4 33. Qd3 Rc3
34. Qb5 d5 35. Qxd5 Qxd5 36. a8=Q+ Qxa8 37. Rxa8+ Kh7 38. Kf2 b3 39. Ra5 b2 40.
Rb5 Bxd4 41. exd4 Rc2+ 42. Kf3 Rxh2 43. d5 Rd2 44. Ke4 Kg6 45. Rb6+ f6 46. d6
Kf7 47. Rb7+ Ke6 48. d7 Ke7 49. Kf5 Rxd7 50. Rxb2 Rd5+ 51. Kg4 h5+ 52. Kh4 Kf7
53. Rb7+ Kg6 54. g4 Rd4 55. Rb5 Rxg4+ 56. Kh3 f5 57. Rb6+ Kg5 58. Rb5 h4 59.
Rb3 Rg3+ 60. Rxg3+ hxg3 61. Kxg3 f4+ 62. Kf3 Kf5 63. Kf2 g5 64. Kf3 g4+ 65. Kg2
f3+ 66. Kg3 Ke4 67. Kf2 Kf4 68. Kf1 g3 69. Kg1 Ke3 70. Kf1 f2 71. Kg2 Ke2 72.
Kxg3 f1=Q 73. Kh2 Ke3 74. Kg3 Qg1+ 75. Kh4 Kf4 76. Kh5 Qg5# 0-1

[Event "NK B Jeugd"]
[Site "Chess.com"]
[Date "2020.05.01"]
[Round "4"]
[White "Bakija, Alan"]
[Black "Nitrauw, Peter"]
[Result "0-1"]
[WhiteElo "1784"]
[BlackElo "1650"]
[PlyCount "94"]
[EventDate "2020.05.??"]

1. Nf3 c5 2. g3 Nc6 3. d4 cxd4 4. Nxd4 Nf6 5. Bg2 g6 6. O-O Bg7 7. c4 O-O 8.
Nxc6 bxc6 9. Nc3 Ba6 10. Qa4 Qc8 11. Be3 Rb8 12. Rab1 Qb7 13. b3 Qb4 14. Qxb4
Rxb4 15. Bxa7 Ng4 16. Ne4 Ne5 17. Bc5 Rb7 18. Bxe7 Re8 19. Ba3 Rbb8 20. Nc5 Bc8
21. Bb2 Nxc4 22. Bxg7 Nd2 23. Bf6 Nxb1 24. Rxb1 Rxe2 25. a4 Rc2 26. Bd4 Rb4 27.
Be3 d5 28. Nd3 Rb7 29. b4 Bf5 30. Rb3 Bxd3 31. Rxd3 Rxb4 32. a5 Ra2 33. Bf1 Rb1
34. Rd2 Raa1 35. Kg2 Rxf1 36. Rb2 Rg1+ 37. Kh3 Rxa5 38. Bd4 Ra8 39. f4 Rd1 40.
Be5 d4 41. Rc2 Rc8 42. Rc4 d3 43. Rc3 c5 44. Bd6 c4 45. Be5 d2 46. Rc2 Rd8 47.
Rxc4 Rc1 0-1

[Event "NK B Jeugd"]
[Site "Chess.com"]
[Date "2020.05.01"]
[Round "4"]
[White "Elgersma, Onno"]
[Black "Wierenga, Jael"]
[Result "1-0"]
[WhiteElo "2293"]
[BlackElo "1943"]
[PlyCount "59"]
[EventDate "2020.05.??"]

1. e4 e6 2. d4 d5 3. Nc3 Bb4 4. e5 c5 5. a3 Bxc3+ 6. bxc3 Nc6 7. Nf3 Nge7 8. h4
Qa5 9. Bd2 Qb6 10. Rb1 Qc7 11. Bd3 Bd7 12. h5 h6 13. O-O c4 14. Be2 Nf5 15. Bc1
a5 16. a4 O-O 17. Ba3 Rfe8 18. Qd2 b6 19. Qf4 Nce7 20. g4 Bxa4 21. gxf5 Nxf5
22. Rbc1 b5 23. Nh4 Nxh4 24. Qxh4 Rab8 25. Bd6 Qd8 26. Qxd8 Rbxd8 27. f4 Rd7
28. f5 exf5 29. Rxf5 Ree7 30. Bxe7 1-0

[Event "NK B Jeugd"]
[Site "Chess.com"]
[Date "2020.05.01"]
[Round "4"]
[White "Labruyère, Roger"]
[Black "Maters, Arthur"]
[Result "1-0"]
[WhiteElo "1934"]
[BlackElo "1947"]
[PlyCount "131"]
[EventDate "2020.05.??"]

1. d4 Nf6 2. Nf3 g6 3. g3 Bg7 4. Bg2 O-O 5. O-O d5 6. c4 c6 7. b3 Re8 8. Bb2
Ne4 9. Nbd2 Nxd2 10. Qxd2 Nd7 11. Rfd1 Nf6 12. Qc2 Bf5 13. Qc1 Be4 14. Ne1 Bxg2
15. Kxg2 Rc8 16. Nd3 Ne4 17. f3 Nf6 18. Qe3 Qd6 19. Ne5 Nd7 20. Rac1 e6 21. f4
Nf6 22. Qf3 Ne4 23. Nd3 dxc4 24. bxc4 f5 25. Nf2 Nxf2 26. Kxf2 Qb4 27. Qa3 Qb6
28. e3 c5 29. Rb1 cxd4 30. Bxd4 Qc6 31. Bxg7 Kxg7 32. Qxa7 Re7 33. Rdc1 e5 34.
Qb6 exf4 35. gxf4 Qxb6 36. Rxb6 Ra8 37. Rc2 Ra3 38. Rcb2 Rexe3 39. Rxb7+ Kh6
40. R7b3 Raxb3 41. axb3 Re4 42. Kf3 Kg7 43. c5 Kf7 44. b4 Ke7 45. b5 Kd7 46.
Ra2 Rb4 47. Ra7+ Kc8 48. b6 Rb5 49. Rc7+ Kb8 50. Ke3 h6 51. Kd4 Rb4+ 52. Ke5
Rb5 53. Kf6 g5 54. Kxf5 gxf4 55. Kxf4 Rb2 56. h4 Rb4+ 57. Kg3 h5 58. Rh7 Rg4+
59. Kh3 Rc4 60. Rxh5 Kb7 61. Rg5 Rf4 62. h5 Rf7 63. Kg4 Rh7 64. Rg6 Kb8 65. c6
Kc8 66. Rg8# 1-0

[Event "NK B Jeugd"]
[Site "Chess.com"]
[Date "2020.05.01"]
[Round "4"]
[White "Niemeijer, Léon"]
[Black "Grooten, Tommy"]
[Result "0-1"]
[WhiteElo "1567"]
[BlackElo "1834"]
[PlyCount "62"]
[EventDate "2020.05.??"]

1. d4 Nf6 2. c4 g6 3. Nc3 Bg7 4. e4 d6 5. Bd3 Nc6 6. Nge2 e5 7. d5 Ne7 8. f3
O-O 9. Be3 Nd7 10. Qd2 a5 11. Bc2 Nc5 12. O-O Bd7 13. b3 f5 14. a3 a4 15. b4
Na6 16. c5 f4 17. Bf2 g5 18. h3 h5 19. Bd3 Ng6 20. Bxa6 bxa6 21. c6 Bc8 22. b5
g4 23. hxg4 hxg4 24. fxg4 f3 25. gxf3 Rxf3 26. Rab1 Bxg4 27. b6 cxb6 28. Rxb6
Rxf2 29. Rxf2 Qxb6 30. Nxa4 Qb1+ 31. Kg2 Qxe4+ 0-1

[Event "NK B Jeugd"]
[Site "Chess.com"]
[Date "2020.05.01"]
[Round "4"]
[White "Pham, Khoi"]
[Black "De Winter, Arthur"]
[Result "1-0"]
[WhiteElo "1899"]
[BlackElo "2456"]
[PlyCount "111"]
[EventDate "2020.05.??"]

1. d4 Nf6 2. c4 g6 3. Nc3 Bg7 4. e4 O-O 5. h3 d6 6. Be3 e5 7. d5 c6 8. g4 cxd5
9. cxd5 a6 10. Nge2 b5 11. Ng3 Nbd7 12. g5 Ne8 13. h4 f5 14. gxf6 Ndxf6 15. Be2
h5 16. Rg1 Ng4 17. Bxg4 Bxg4 18. Bg5 Qb6 19. Be3 Qb7 20. Qd2 Nc7 21. Nce2 Rac8
22. Nf1 b4 23. Nh2 Bxe2 24. Qxe2 Kh7 25. Nf3 Bf6 26. Ng5+ Bxg5 27. Rxg5 Nb5 28.
Kd2 Qf7 29. Rag1 Nd4 30. Bxd4 exd4 31. Rxg6 Qxf2 32. Rg7+ Kh8 33. Rg8+ Kh7 34.
R8g7+ Kh8 35. Qxf2 Rxf2+ 36. Kd3 Rxb2 37. Kxd4 Rc3 38. R7g2 Rcc2 39. Rxc2 Rxc2
40. Rg6 Rxa2 41. Rxd6 a5 42. e5 b3 43. Rb6 Rd2+ 44. Kc4 a4 45. d6 Kg7 46. Kb4
Rd4+ 47. Kc3 Rd5 48. Kc4 Rd1 49. e6 Kf6 50. e7 Kf7 51. Rb8 Rc1+ 52. Kd3 Re1 53.
Rf8+ Kg7 54. e8=Q Rxe8 55. Rxe8 a3 56. Ra8 1-0

[Event "NK B Jeugd"]
[Site "Chess.com"]
[Date "2020.05.01"]
[Round "4"]
[White "Qi, Zimo"]
[Black "Li-Behn, Tobias"]
[Result "1/2-1/2"]
[WhiteElo "1744"]
[BlackElo "1755"]
[PlyCount "30"]
[EventDate "2020.05.??"]

1. d4 f5 2. c4 Nf6 3. Nc3 e6 4. e3 d5 5. Bd3 c6 6. Nge2 Bd6 7. O-O O-O 8. Qc2
Ne4 9. f3 Nxc3 10. bxc3 e5 11. cxd5 cxd5 12. e4 fxe4 13. fxe4 Rxf1+ 14. Kxf1
Qf6+ 15. Kg1 Qh4 1/2-1/2

[Event "NK B Jeugd"]
[Site "Chess.com"]
[Date "2020.05.01"]
[Round "4"]
[White "Rutten, Alexander"]
[Black "Huang, Wendy"]
[Result "1/2-1/2"]
[WhiteElo "2097"]
[BlackElo "1936"]
[PlyCount "105"]
[EventDate "2020.05.??"]

1. e4 c5 2. Nf3 d6 3. d4 cxd4 4. Qxd4 Nf6 5. Bg5 Nc6 6. Bb5 e6 7. Nc3 Be7 8.
O-O-O Qa5 9. Qd2 O-O 10. Kb1 a6 11. Bxc6 bxc6 12. Nd5 Qd8 13. Nxe7+ Qxe7 14.
Bxf6 Qxf6 15. Qxd6 Bb7 16. Qc5 Rab8 17. c3 Rfd8 18. Ka1 h6 19. Rhe1 Rxd1+ 20.
Rxd1 Rd8 21. Rxd8+ Qxd8 22. Qd4 Qe7 23. a3 c5 24. Qe3 Qd6 25. h3 Qd1+ 26. Ka2
c4 27. Nd2 Qc2 28. Nxc4 Bxe4 29. Nd2 Bxg2 30. c4 Qf5 31. Qc3 Qxh3 32. Qxh3 Bxh3
33. Kb3 Kf8 34. Kb4 Bg2 35. Kc5 h5 36. f3 h4 37. Ne4 Bxf3 38. Nf2 g5 39. Kd4 g4
40. Ke3 h3 41. Nxh3 gxh3 42. Kxf3 Ke7 43. Kg3 Kd6 44. Kxh3 Kc5 45. b3 e5 46.
Kg3 f5 47. Kf3 e4+ 48. Ke3 a5 49. a4 Kc6 50. Kd4 Kb6 51. Ke3 Kc5 52. Ke2 Kc6
53. Kf2 1/2-1/2

[Event "NK B Jeugd"]
[Site "Chess.com"]
[Date "2020.05.01"]
[Round "4"]
[White "Shakhverdian, William"]
[Black "Boghossian, Wahe"]
[Result "1-0"]
[WhiteElo "2091"]
[BlackElo "1746"]
[PlyCount "45"]
[EventDate "2020.05.??"]

1. d4 Nf6 2. c4 g6 3. Nc3 Bg7 4. e4 d6 5. h3 O-O 6. Be3 e5 7. d5 a5 8. g4 Na6
9. Nge2 b6 10. Ng3 Qe7 11. Be2 Nc5 12. f3 Bd7 13. Qd2 Rfd8 14. Rg1 Bh8 15. Bh6
c6 16. Nf5 Bxf5 17. gxf5 cxd5 18. Nxd5 Nxd5 19. Qxd5 Qf6 20. O-O-O Rd7 21.
Qxa8+ Rd8 22. Qd5 Bg7 23. Bg5 1-0

[Event "NK B Jeugd"]
[Site "Chess.com"]
[Date "2020.05.01"]
[Round "4"]
[White "Slagboom, Leandro"]
[Black "Van Foreest, Machteld"]
[Result "1-0"]
[WhiteElo "1917"]
[BlackElo "1955"]
[PlyCount "83"]
[EventDate "2020.05.??"]

1. Nf3 Nf6 2. c4 g6 3. Nc3 Bg7 4. d4 O-O 5. Bg5 d6 6. e3 c5 7. d5 Nbd7 8. Be2
Ne5 9. Nxe5 dxe5 10. Bxf6 Bxf6 11. O-O Bg7 12. Rb1 f5 13. a3 e4 14. Qc2 Qd6 15.
b4 Qe5 16. Rfc1 cxb4 17. axb4 e6 18. Qd2 Bh6 19. g3 Bg7 20. d6 Bd7 21. c5 Rac8
22. Bb5 Bc6 23. Bxc6 bxc6 24. Ne2 g5 25. Nd4 f4 26. d7 Rc7 27. Nxc6 fxe3 28.
fxe3 Rxc6 29. d8=Q Rxd8 30. Qxd8+ Kf7 31. Qd7+ Kg6 32. Qxc6 Kh5 33. Qe8+ Kg4
34. Kg2 Qd5 35. h3+ Kf5 36. Qf7+ Bf6 37. Qxh7+ Ke5 38. Qc7+ Kf5 39. Rf1+ Kg6
40. Rf2 g4 41. h4 Qd3 42. Rbf1 1-0

[Event "NK B Jeugd"]
[Site "Chess.com"]
[Date "2020.05.01"]
[Round "4"]
[White "Torensma, Christian"]
[Black "Van Foreest, Nanne"]
[Result "1-0"]
[WhiteElo "1735"]
[BlackElo "1850"]
[PlyCount "93"]
[EventDate "2020.05.??"]

1. d4 Nf6 2. c4 e6 3. Nc3 d5 4. cxd5 exd5 5. Bg5 Bb4 6. e3 O-O 7. Bd3 h6 8. Bh4
Be6 9. Nge2 Nbd7 10. O-O c6 11. a3 Ba5 12. Qc2 Bc7 13. Bg3 Bxg3 14. Nxg3 Qc7
15. f3 Rfe8 16. Rae1 Rad8 17. e4 dxe4 18. fxe4 Nb6 19. Nce2 Bg4 20. Rd1 Bxe2
21. Bxe2 Re7 22. e5 Nfd5 23. Qc1 Red7 24. Ne4 Ne7 25. Nd6 Nec8 26. Nf5 Ne7 27.
Nd6 Nec8 28. Bg4 Re7 29. Nf5 Re6 30. Ng3 Rg6 31. Bf5 Rg5 32. Ne4 Rh5 33. Bg4
Rh4 34. h3 h5 35. g3 hxg4 36. gxh4 gxh3 37. Qg5 g6 38. Nf6+ Kg7 39. Nh5+ Kg8
40. Nf6+ Kg7 41. h5 Rh8 42. h6+ Kf8 43. h7 Kg7 44. Rf3 h2+ 45. Kxh2 Ne7 46. Rh3
Nbd5 47. Qh6# 1-0

[Event "NK B Jeugd"]
[Site "Chess.com"]
[Date "2020.05.01"]
[Round "4"]
[White "Van Dael, Siem"]
[Black "Albers, Sasa"]
[Result "1-0"]
[WhiteElo "2252"]
[BlackElo "2072"]
[PlyCount "77"]
[EventDate "2020.05.??"]

1. e4 c6 2. d4 d5 3. Nd2 dxe4 4. Nxe4 Bf5 5. Ng3 Bg6 6. h4 h6 7. Nf3 Nd7 8. h5
Bh7 9. Bd3 Bxd3 10. Qxd3 e6 11. Bd2 Ngf6 12. O-O-O Be7 13. Kb1 O-O 14. Ne4 c5
15. Bc3 Qb6 16. dxc5 Nxc5 17. Nxc5 Qxc5 18. Bd4 Qa5 19. Ne5 Rad8 20. Qe2 Qa4
21. Rh4 Qa5 22. Ng6 Rfe8 23. Nxe7+ Rxe7 24. Bxf6 gxf6 25. Rhd4 Rxd4 26. Rxd4
Re8 27. b4 Qe5 28. Qxe5 fxe5 29. Rd7 Rb8 30. c4 Kg7 31. c5 Kf6 32. Kc2 e4 33.
Kd2 e5 34. Ke3 Ke6 35. Rd6+ Kf5 36. Rxh6 Rd8 37. Rd6 Rh8 38. h6 Rg8 39. g3 1-0

[Event "NK B Jeugd"]
[Site "Chess.com"]
[Date "2020.05.01"]
[Round "4"]
[White "Van Kuijk, Vadim"]
[Black "Achuthan, Dylan"]
[Result "1/2-1/2"]
[WhiteElo "1799"]
[BlackElo "1925"]
[PlyCount "123"]
[EventDate "2020.05.??"]

1. d4 Nf6 2. c4 g6 3. g3 Bg7 4. Nc3 O-O 5. Bg2 d6 6. Nf3 Nc6 7. O-O a6 8. Bg5
Rb8 9. Qd2 b5 10. Ne1 Bd7 11. cxb5 axb5 12. Bxc6 Bxc6 13. Nd3 b4 14. Bxf6 Bxf6
15. Nd1 b3 16. Nb4 Ba8 17. axb3 Qc8 18. d5 e6 19. Ne3 Bg7 20. Nc6 Bxc6 21. dxc6
Rxb3 22. Nc4 d5 23. Na5 Rxb2 24. Qe3 Qd8 25. Nb7 Qe7 26. Rfe1 Rb8 27. Qa7 Rc8
28. Nc5 Rc2 29. Rac1 Rb2 30. Qa6 Rcb8 31. Nd7 Rd8 32. Rb1 Rxb1 33. Rxb1 Qd6 34.
Rb7 Bd4 35. Qb5 Kg7 36. e3 Bc3 37. Qc5 Be5 38. Qb5 h5 39. Nxe5 Qxe5 40. Qa5 Rc8
41. Qb5 Rd8 42. Qa5 h4 43. Qxc7 Qa1+ 44. Kg2 h3+ 45. Kxh3 Rh8+ 46. Kg4 Qd1+ 47.
f3 Qa4+ 48. e4 Rf8 49. Qe5+ Kg8 50. c7 dxe4 51. Rb8 exf3+ 52. Kxf3 Qc6+ 53. Ke3
Qc1+ 54. Kf2 Qd2+ 55. Qe2 Qd4+ 56. Qe3 Qf6+ 57. Qf3 Qd4+ 58. Kg2 Qd2+ 59. Qf2
Qd5+ 60. Qf3 Qd2+ 61. Qf2 Qd5+ 62. Qf3 1/2-1/2

[Event "NK B Jeugd"]
[Site "Chess.com"]
[Date "2020.05.01"]
[Round "4"]
[White "Van Wijngaarden, Frank"]
[Black "Van der Hagen, Loek"]
[Result "1/2-1/2"]
[WhiteElo "1981"]
[BlackElo "2207"]
[PlyCount "86"]
[EventDate "2020.05.??"]

1. e4 c5 2. Be2 Nc6 3. f4 g6 4. Nf3 Bg7 5. d3 e6 6. c3 Nge7 7. O-O d5 8. Na3
O-O 9. Nc2 d4 10. c4 e5 11. fxe5 Nxe5 12. Nxe5 Bxe5 13. Bh6 Re8 14. Qe1 Nc6 15.
Qf2 Be6 16. a3 Qc7 17. Qh4 a6 18. Ne1 b5 19. cxb5 axb5 20. Nf3 Qe7 21. Ng5 f6
22. Nxe6 Qxe6 23. Bg4 Qd6 24. Rac1 Na5 25. Rf2 c4 26. Rcf1 Ra6 27. Qh3 c3 28.
Bd1 Raa8 29. g4 g5 30. Qh5 cxb2 31. Rxb2 Qxa3 32. Rd2 Qc3 33. Rff2 Nb3 34. Ra2
Qxd3 35. Bc2 Qc4 36. Bxg5 fxg5 37. Ra7 Bg7 38. Rxg7+ Kxg7 39. Qxg5+ Kh8 40.
Qf6+ Kg8 41. Qg5+ Kh8 42. Qf6+ Kg8 43. Qg5+ Kh8 1/2-1/2

[Event "NK B Jeugd"]
[Site "Chess.com"]
[Date "2020.05.01"]
[Round "4"]
[White "Verheul, Job"]
[Black "Van Dam, Thijs"]
[Result "0-1"]
[WhiteElo "1949"]
[BlackElo "2117"]
[PlyCount "48"]
[EventDate "2020.05.??"]

1. e4 c5 2. Nf3 g6 3. d4 cxd4 4. Qxd4 Nf6 5. Nc3 Nc6 6. Qa4 d6 7. e5 dxe5 8.
Nxe5 Bd7 9. Nxd7 Qxd7 10. Be3 Bg7 11. Rd1 Qc8 12. Be2 O-O 13. O-O e6 14. Bf3 a6
15. Qh4 Ne5 16. Be4 Nxe4 17. Nxe4 Qxc2 18. Rd2 Qc6 19. Rd6 Qc7 20. Rc1 Qa5 21.
Bh6 Rac8 22. Nf6+ Bxf6 23. Qxf6 Rxc1+ 24. Bxc1 Qe1# 0-1

[Event "NK B Jeugd"]
[Site "Chess.com"]
[Date "2020.05.01"]
[Round "5"]
[White "Achuthan, Dylan"]
[Black "Slagboom, Leandro"]
[Result "1-0"]
[WhiteElo "1975"]
[BlackElo "1909"]
[PlyCount "75"]
[EventDate "2020.05.??"]

1. e4 c5 2. Nf3 d6 3. c3 Nf6 4. Be2 Nbd7 5. Qc2 Qc7 6. O-O e6 7. d3 Be7 8. Na3
a6 9. Nc4 b5 10. Ne3 Bb7 11. a4 O-O 12. Bd2 c4 13. Ne1 cxd3 14. Bxd3 Nc5 15. f3
Nxa4 16. c4 Qd7 17. cxb5 axb5 18. Qb3 Nc5 19. Qd1 Rxa1 20. Qxa1 Ra8 21. Qb1
Nxd3 22. Nxd3 Bd8 23. Kh1 Bb6 24. Qc2 Rc8 25. Qb3 Bxe3 26. Bxe3 Qe8 27. Rd1 Ba8
28. Nb4 Rd8 29. Bb6 Rd7 30. Qa3 Qb8 31. Be3 Bb7 32. Qa5 Ba8 33. Qa3 Ne8 34. Bf4
Qb7 35. Nd3 Nc7 36. Nc5 dxc5 37. Rxd7 b4 38. Rd8+ 1-0

[Event "NK B Jeugd"]
[Site "Chess.com"]
[Date "2020.05.01"]
[Round "5"]
[White "Albers, Sasa"]
[Black "Van Kuijk, Vadim"]
[Result "1-0"]
[WhiteElo "2077"]
[BlackElo "1796"]
[PlyCount "63"]
[EventDate "2020.05.??"]

1. e4 c5 2. Nf3 Nc6 3. Bb5 d6 4. c3 g6 5. O-O Bg7 6. d4 cxd4 7. cxd4 Bd7 8. Nc3
a6 9. Be2 e6 10. Be3 Nge7 11. d5 exd5 12. Nxd5 O-O 13. Nb6 Rb8 14. Qxd6 Bg4 15.
Qa3 Bxf3 16. Bxf3 Bd4 17. Nd5 Nxd5 18. exd5 Bxe3 19. dxc6 Bh6 20. cxb7 Bg7 21.
Qxa6 Bxb2 22. Rab1 Bc3 23. Qc4 Qf6 24. a4 Ba5 25. Qb5 Bc7 26. a5 Qf4 27. g3
Qxf3 28. a6 Rfd8 29. a7 Rxb7 30. Qxb7 Qxb7 31. Rxb7 Be5 32. Rfb1 1-0

[Event "NK B Jeugd"]
[Site "Chess.com"]
[Date "2020.05.01"]
[Round "5"]
[White "Boghossian, Wahe"]
[Black "Niemeijer, Léon"]
[Result "1-0"]
[WhiteElo "1792"]
[BlackElo "1562"]
[PlyCount "43"]
[EventDate "2020.05.??"]

1. e4 e6 2. d4 d5 3. e5 c5 4. Nf3 cxd4 5. Nxd4 Ne7 6. Bd3 Nbc6 7. Nxc6 Nxc6 8.
f4 Bc5 9. Nc3 a6 10. Qg4 O-O 11. Qh3 h6 12. Be3 Qb6 13. Bxc5 Qxc5 14. Rf1 b5
15. Rf3 Nb4 16. Rg3 Nxd3+ 17. cxd3 Qg1+ 18. Ke2 Qxa1 19. Qxh6 Qxb2+ 20. Kf3 g6
21. Rh3 Re8 22. Qh8# 1-0

[Event "NK B Jeugd"]
[Site "Chess.com"]
[Date "2020.05.01"]
[Round "5"]
[White "Cchung, Nyuk Lyn"]
[Black "Li-Behn, Tobias"]
[Result "1-0"]
[WhiteElo "2030"]
[BlackElo "1752"]
[PlyCount "117"]
[EventDate "2020.05.??"]

1. e4 c5 2. Nf3 d6 3. d4 cxd4 4. Nxd4 g6 5. Nc3 Nf6 6. f3 Bg7 7. Be3 O-O 8. Bc4
Nc6 9. Bb3 Bd7 10. Qd2 Rc8 11. O-O-O Ne5 12. h4 h5 13. Bh6 Nc4 14. Bxc4 Rxc4
15. Bxg7 Kxg7 16. Qg5 Rh8 17. f4 Qc8 18. e5 dxe5 19. fxe5 Ng8 20. Rhf1 Rxc3 21.
e6 Rxc2+ 22. Nxc2 Bxe6 23. Kb1 Qc4 24. b3 Qc3 25. Rf3 Qc7 26. Qf4 Qc8 27. Nd4
Nf6 28. Kb2 Re8 29. Rc3 Qd7 30. Nf5+ Bxf5 31. Rxd7 Bxd7 32. Rc7 e5 33. Qd2 Bc6
34. Qf2 e4 35. Qe3 Nd5 36. Qd4+ Kg8 37. Rxc6 bxc6 38. Kc2 e3 39. Kd1 Rd8 40.
Ke2 Nc3+ 41. Qxc3 Rd2+ 42. Kxe3 Rxg2 43. Qxc6 Rxa2 44. b4 Rh2 45. Qc8+ Kh7 46.
Qf8 Rh3+ 47. Kf2 Rxh4 48. Qxf7+ Kh6 49. Qf8+ Kg5 50. Qe7+ Kg4 51. Qxa7 Rh2+ 52.
Kg1 Rb2 53. Qd7+ Kg5 54. Qd5+ Kh6 55. Qd8 Rb1+ 56. Kg2 Rb2+ 57. Kf3 h4 58. Qh8+
Kg5 59. Qxb2 1-0

[Event "NK B Jeugd"]
[Site "Chess.com"]
[Date "2020.05.01"]
[Round "5"]
[White "Grooten, Tommy"]
[Black "Shakhverdian, William"]
[Result "0-1"]
[WhiteElo "1831"]
[BlackElo "2094"]
[PlyCount "154"]
[EventDate "2020.05.??"]

1. e4 e5 2. Nf3 Nc6 3. Bc4 Bc5 4. c3 Nf6 5. d3 a5 6. a4 d6 7. Bb3 h6 8. O-O O-O
9. Nbd2 Be6 10. Bc2 d5 11. exd5 Nxd5 12. Ne4 Be7 13. Re1 f5 14. Ng3 Bd6 15. Bb3
Qd7 16. Qe2 Rae8 17. Qf1 Kh7 18. Bc2 g6 19. Kh1 Qg7 20. h3 Nf4 21. Nh2 Bd5 22.
f3 Qf6 23. Ne2 Nh5 24. Be3 Nd8 25. Bf2 c5 26. Ng3 Nf4 27. Ne2 Nde6 28. Nxf4
Nxf4 29. Rad1 Bc6 30. Qg1 b6 31. Nf1 Bc7 32. Ng3 h5 33. Ne2 Ne6 34. Nc1 Bb8 35.
Bb1 Bxa4 36. b3 Bc6 37. Na2 Ng5 38. Bh4 Nxf3 39. Bxf6 Nxg1 40. Bh4 Nxh3 41. Kh2
Nf4 42. Rd2 Kh6 43. b4 cxb4 44. cxb4 e4 45. dxe4 Nd3+ 46. Kg1 Nxe1 47. Bxe1
Bxe4 48. Bxe4 Rxe4 49. Rd1 Bf4 50. g3 Bg5 51. bxa5 bxa5 52. Bxa5 Ra8 53. Nc3
Rxa5 54. Nxe4 fxe4 55. Rd4 e3 56. Kf1 Ra1+ 57. Ke2 Ra2+ 58. Ke1 e2 59. Re4 Kg7
60. Rxe2 Rxe2+ 61. Kxe2 Bd8 62. Kf3 Bc7 63. Kf2 Kf6 64. Kf3 Kg5 65. Kg2 Kg4 66.
Kh2 Bxg3+ 67. Kh1 Bb8 68. Kg2 Kh4 69. Kh1 g5 70. Kg2 g4 71. Kh1 g3 72. Kg2 Kg4
73. Kh1 Kf3 74. Kg1 Ba7+ 75. Kh1 g2+ 76. Kh2 g1=Q+ 77. Kh3 Qg3# 0-1

[Event "NK B Jeugd"]
[Site "Chess.com"]
[Date "2020.05.01"]
[Round "5"]
[White "Huang, Wendy"]
[Black "Pham, Khoi"]
[Result "0-1"]
[WhiteElo "1922"]
[BlackElo "1920"]
[PlyCount "144"]
[EventDate "2020.05.??"]

1. e4 c5 2. Nf3 d6 3. d4 cxd4 4. Nxd4 Nf6 5. Nc3 a6 6. f4 g6 7. Be3 Bg7 8. a4
Nbd7 9. Be2 O-O 10. O-O e5 11. Nf3 Ng4 12. Qd2 exf4 13. Bd4 Nde5 14. Nd5 Be6
15. Nxf4 Bc4 16. Bxc4 Nxc4 17. Qc3 Bxd4+ 18. Qxd4 Nce3 19. Rfc1 Rc8 20. c3 Rc4
21. Qd3 d5 22. Nxd5 f5 23. Rd1 fxe4 24. Qd2 exf3 25. Nxe3 Qxd2 26. Rxd2 f2+ 27.
Rxf2 Nxe3 28. Rxf8+ Kxf8 29. Kf2 Nf5 30. Rd1 Ke7 31. Re1+ Kf6 32. Rd1 Rxa4 33.
Rd7 b5 34. Rxh7 Ra2 35. Ra7 Rxb2+ 36. Kf3 Ra2 37. g3 Ra3 38. Ke4 Rxc3 39. Rxa6+
Kg7 40. Rb6 Rc4+ 41. Kd3 Rd4+ 42. Kc3 b4+ 43. Rxb4 Rxb4 44. Kxb4 Ne3 45. h3 Nf5
46. g4 Nh4 47. Kc4 Kf6 48. Kd4 Kg5 49. Ke4 Kh6 50. Kf4 g5+ 51. Ke4 Kg6 52. Ke3
Kf6 53. Ke4 Ke6 54. Kd4 Ng6 55. Ke4 Kf6 56. Kf3 Ke5 57. Ke3 Nf4 58. h4 gxh4 59.
Kf3 Ng6 60. Kg2 Kf4 61. Kh3 Kg5 62. Kg2 Kxg4 63. Kh2 Nf4 64. Kh1 Kh3 65. Kg1
Ne2+ 66. Kh1 Ng3+ 67. Kg1 Kg4 68. Kg2 Ne4 69. Kh2 h3 70. Kg1 Kg3 71. Kh1 Nf2+
72. Kg1 h2+ 0-1

[Event "NK B Jeugd"]
[Site "Chess.com"]
[Date "2020.05.01"]
[Round "5"]
[White "Labruyère, Roger"]
[Black "Elgersma, Onno"]
[Result "0-1"]
[WhiteElo "1932"]
[BlackElo "2295"]
[PlyCount "62"]
[EventDate "2020.05.??"]

1. d4 Nf6 2. Nf3 e6 3. g3 d5 4. Bg2 Be7 5. O-O O-O 6. c4 dxc4 7. Qc2 a6 8. a4
Nbd7 9. Qxc4 b5 10. Qc2 Bb7 11. Nbd2 c5 12. axb5 axb5 13. Rxa8 Qxa8 14. dxc5
Nxc5 15. Ne1 Rc8 16. Qb1 h5 17. h4 b4 18. Bxb7 Qxb7 19. Nd3 Na4 20. Nf3 Qe4 21.
Re1 b3 22. Nd2 Qb7 23. Qa1 Qb5 24. Nf3 Ng4 25. Bd2 Bf6 26. Rc1 Rc2 27. Qb1 Qc4
28. Rxc2 bxc2 29. Qc1 Nxb2 30. Nxb2 Qxe2 31. Ne1 Qxf2+ 0-1